LDR 00841naa#a2200205#i#450# 001 EN\\bibl\119749 005 20260417194146.5 011 ## _a2308-8877 100 ## _a20260406b2026####ek#y0engy0150####ca 102 ## _aRU 200 1# _aTERRITORIAL ORGANIZATION OF RATIONAL NATURE MANAGEMENT OF THE NORTHERN ZONE OF OMSK REGION _eJournal article 210 1# _aVoronezh _cFSBE Institution of Higher Education Voronezh State University of Forestry and Technologies named after G.F. Morozov _d2026 215 ## _a19 с. 608 ## _aJournal article _2local 675 ## _aЭкономика. Народное хозяйство. Экономические науки. 33 _z 700 #1 _aGileva _gLarisa Nikolaevna 700 #1 _aVeselova _gMarina Nikolaevna 700 #1 _aBaltabekov _gSayran Adil'bekovich 700 #1 _aDyachuk _gAlina Evgen'evna 856 4# _aanni.editorum.ru _u